| 000 | 00680cam a2200217 a 4500 | ||
|---|---|---|---|
| 001 | 000008855 | ||
| 005 | 20200929161427.0 | ||
| 008 | 921021s1987 cu a 000 f spa d | ||
| 040 |
_aDO-SdBNP _bspa _cDLC _dBNPHU |
||
| 082 |
_aCu863.4 _bC297con |
||
| 100 | 1 |
_aCarpentier, Alejo, _d1904-1980. _98634 |
|
| 245 | 1 | 3 |
_aLa consagración de la primavera / _cAlejo Carpentier ; edición de Isel Rousseau. |
| 260 |
_aLa Habana : _bLetras Cubanas, _c1987. |
||
| 300 |
_a472 p. : _bil. ; _c23 cm. |
||
| 650 | 4 |
_aNovela cubana _92316 |
|
| 650 | 4 |
_aLiteratura cubana _91483 |
|
| 700 | 1 |
_aRousseau, Isel, _eed. _923029 |
|
| 910 | _aCatalogación por copia / LC | ||
| 910 | _aWM | ||
| 049 | _aBNGR | ||
| 999 |
_c8624 _d8624 |
||